CLINICAL NEUROPHYSIOLOGY (Record no. 1100)

MARC details
000 -LEADER
fixed length control field 00317nam a2200133Ia 4500
008 - FIXED-LENGTH DATA ELEMENTS--GENERAL INFORMATION
fixed length control field 150201s2006 xx 000 0 und d
082 ## - DEWEY DECIMAL CLASSIFICATION NUMBER
Classification number 612
Item number C06M
100 ## - MAIN ENTRY--PERSONAL NAME
Personal name MISHRA,UK
245 ## - TITLE STATEMENT
Title CLINICAL NEUROPHYSIOLOGY
250 ## - EDITION STATEMENT
Edition statement 2ND
260 ## - PUBLICATION, DISTRIBUTION, ETC. (IMPRINT)
Name of publisher, distributor, etc. ELSEVIER
Place of publication, distribution, etc. DELHI
Date of publication, distribution, etc. 2006
650 ## - SUBJECT ADDED ENTRY--TOPICAL TERM
Topical term or geographic name as entry element HUMAN PHYSIOLOGY
942 ## - ADDED ENTRY ELEMENTS (KOHA)
Source of classification or shelving scheme Dewey Decimal Classification
Koha item type Books
Koha issues (borrowed), all copies 3
Holdings
Withdrawn status Lost status Source of classification or shelving scheme Damaged status Not for loan Collection code Home library Current library Shelving location Date acquired Source of acquisition Cost, normal purchase price SGTU Bill Number Total Checkouts Full call number Barcode Date last seen Date last checked out Bill Date Koha item type
    Dewey Decimal Classification     MEDICAL SGT Medical Library SGT Medical Library Text Book 21/12/2010 U.B.S. DELHI 595.00 SGTU 726 11 612 C06M FM4239 03/06/2026 19/05/2026 21/12/2010 Books
    Dewey Decimal Classification     MEDICAL SGT Medical Library SGT Medical Library Text Book 21/12/2010 U.B.S. DELHI 595.00 SGTU 726   612 C06M FM4240 09/02/2015   21/12/2010 Books